000 00637nam a2200193Ia 4500
003 IN-BaIIA
008 211028s9999 xx 000 0 eng d
020 _a3-540-40749-9
040 _cIIA Library
080 _a521.1
_bBEU-1
100 _aBeutler, Gerhard
_929148
245 0 _aMethods of celestial mechanics
_bvol.1, physical, mathematical and numerical principles
_cGerhard Beutler
260 _aBerlin
_bSpringer
_c2005
300 _axvi, 464p.
490 _aAstronomy and astrophysics library
650 _aCelestial mechanics
650 _aTheory of perturbation
_929149
942 _cBK
999 _c15822
_d15822